Análisis matemático para economistas / (Registro nro. 14900)

Detalles MARC
000 -LEADER
fixed length control field 01716nam a2200277Ia 4500
003 - CONTROL NUMBER IDENTIFIER
control field OSt
005 - DATE AND TIME OF LATEST TRANSACTION
control field 20221207143127.0
008 - FIXED-LENGTH DATA ELEMENTS--GENERAL INFORMATION
fixed length control field 210310s1978 sp fr 001 0 spa d
020 ## - INTERNATIONAL STANDARD BOOK NUMBER
International Standard Book Number 8403180039
040 ## - CATALOGING SOURCE
Original cataloging agency CO-JMCR
Transcribing agency CO-JMCR
041 1# - LANGUAGE CODE
Language code of text/sound track or separate title spa
Language code of original eng
082 04 - DEWEY DECIMAL CLASSIFICATION NUMBER
Edition number 23
Classification number 517.77 /
Item number A425a
100 1# - MAIN ENTRY--PERSONAL NAME
Personal name Allen, Roy George Douglas,
9 (RLIN) 18057
Relator term autor
245 10 - TITLE STATEMENT
Title Análisis matemático para economistas /
Statement of responsibility, etc. R.G.D. Allen ; traducción, adaptación y notas por Emilio de Figueroa
250 ## - EDITION STATEMENT
Edition statement Octava edición
260 ## - PUBLICATION, DISTRIBUTION, ETC.
Place of publication, distribution, etc. Madrid :
Name of publisher, distributor, etc. Aguilar,
Date of publication, distribution, etc. 1978
300 ## - PHYSICAL DESCRIPTION
Extent xxiii, 548 páginas ;
Dimensions 22 cm
490 0# - SERIES STATEMENT
Series statement Biblioteca de ciencias sociales: sección economía
500 ## - GENERAL NOTE
General note Incluye índice de autores y de materias
504 ## - BIBLIOGRAPHY, ETC. NOTE
Bibliography, etc. note Bibliografía: páginas xxi-xxiii
505 0# - FORMATTED CONTENTS NOTE
Formatted contents note Números y variables -- Funciones: su representación gráfica -- Geometría analítica elemental -- Límites y continuidad de las funciones -- Funciones y diagramas en la teoría económica -- Derivadas y su interpretación -- La técnica de la derivación -- Aplicación de las derivadas -- Funciones exponencial y logarítmica -- Funciones de dos o más variables -- Derivadas parciales y sus aplicaciones -- Diferenciales y diferenciación -- Problemas de máximos y mínimos -- Integrales de funciones de una variable -- Ecuaciones diferenciales -- Desarrollos en serie, fórmula de Taylor y diferenciales de orden superior -- Determinantes, ecuaciones lineales y formas cuadráticas -- Nuevos problemas de máximos y mínimos -- Algunos problemas de cálculo de variaciones
546 ## - LANGUAGE NOTE
Language note Traducido del inglés
650 14 - SUBJECT ADDED ENTRY--TOPICAL TERM
Topical term or geographic name entry element Análisis matemático
9 (RLIN) 34759
700 1# - ADDED ENTRY--PERSONAL NAME
Personal name Figueroa, Emilio de,
Relator term traductor
9 (RLIN) 4853
942 ## - ADDED ENTRY ELEMENTS (KOHA)
Source of classification or shelving scheme Dewey Decimal Classification
Koha item type Books
Existencias
Withdrawn status Lost status Source of classification or shelving scheme Damaged status Not for loan Home library Current library Date acquired Source of acquisition Total Checkouts Full call number Barcode Date last seen Date last checked out Copy number Price effective from Koha item type
    Dewey Decimal Classification     Biblioteca Pública José María del Castillo y Rada Biblioteca Pública José María del Castillo y Rada 03/10/2021 Donación 1 517.77 / A425a 201811727 07/04/2024 06/26/2024 Ej.1 03/10/2021 Books